El gran interruptor (Record no. 178009)

MARC details
000 -LEADER
campo de control de longitud fija 00926nam a2200289 4500
001 - NÚMERO DE CONTROL
campo de control 178009
003 - IDENTIFICADOR DE NÚMERO DE CONTROL
campo de control ES-MaACL
005 - FECHA Y HORA DE LA ÚLTIMA TRANSACCIÓN
campo de control 20230902094159.0
008 - DATOS DE LONGITUD FIJA--INFORMACIÓN GENERAL
campo de control de longitud fija 110512s2009 sp |||| | spa d
017 ## - NÚMERO DE COPYRIGHT O DE DEPÓSITO LEGAL
Número de copyright o de depósito legal B-53361-2008
020 ## - NÚMERO INTERNACIONAL ESTÁNDAR DEL LIBRO
Número Internacional Estándar del Libro 9788423426867
080 ## - NÚMERO DE LA CLASIFICACIÓN DECIMAL UNIVERSAL
Número de la Clasificación Decimal Universal 001.895
080 ## - NÚMERO DE LA CLASIFICACIÓN DECIMAL UNIVERSAL
Número de la Clasificación Decimal Universal 004:008
100 1# - ENTRADA PRINCIPAL--NOMBRE DE PERSONA
Nombre de persona Carr, Nicholas G.
9 (RLIN) 146492
245 13 - MENCIÓN DEL TÍTULO
Título El gran interruptor
Resto del título : el mundo en red, de Edison a Google /
Mención de responsabilidad, etc. Nicholas Carr.
260 ## - PUBLICACIÓN, DISTRIBUCIÓN, ETC.
Lugar de publicación, distribución, etc. Barcelona :
Nombre del editor, distribuidor, etc. Deusto,
Fecha de publicación, distribución, etc. [2009]
300 ## - DESCRIPCIÓN FÍSICA
Extensión 252 p. ;
Dimensiones 23 cm.
500 ## - NOTA GENERAL
Nota general Índice.
504 ## - NOTA DE BIBLIOGRAFÍA, ETC.
Nota de bibliografía, etc. Bibliografía: p. [219]-235.
650 07 - PUNTO DE ACCESO ADICIONAL DE MATERIA--TÉRMINO DE MATERIA
Término de materia o nombre geográfico como elemento de entrada Progreso científico y tecnológico.
9 (RLIN) 16470
650 #7 - PUNTO DE ACCESO ADICIONAL DE MATERIA--TÉRMINO DE MATERIA
Término de materia o nombre geográfico como elemento de entrada Ordenadores y civilización.
9 (RLIN) 146494
650 04 - PUNTO DE ACCESO ADICIONAL DE MATERIA--TÉRMINO DE MATERIA
Término de materia o nombre geográfico como elemento de entrada Tecnología y civilización.
9 (RLIN) 17420
852 ## - LOCALIZACIÓN
Ubicación ES-MaACL
itemnumber 184868
Sublocalización o colección R.145734
Número de control de estantería A-11155
Signatura antigua Olim: N-4160
Ubicación en estantería Depósito 1
942 ## - ELEMENTOS DE ENTRADA SECUNDARIOS (KOHA)
Fuente del sistema de clasificación o colocación Clasificación decimal universal
Tipo de ítem Koha Libro impreso
Holdings
Estatus retirado Estado de pérdida Fuente del sistema de clasificación o colocación Estado de daño No para préstamo Biblioteca de origen Biblioteca actual Ubicación en estantería Fecha de adquisición Fuente de adquisición Total de préstamos Signatura topográfica completa Código de barras Visto por última vez Precio de reemplazo Tipo de ítem Koha
    Clasificación decimal universal     Biblioteca del Ateneo de Madrid Biblioteca del Ateneo de Madrid Depósito 1 12/05/2011 Compra   A-11155 1187001 23/02/2023 23/02/2023 Libro impreso